<?xml version="1.0" encoding="UTF-8"?>
<record
    xmlns:xsi="http://www.w3.org/2001/XMLSchema-instance"
    xsi:schemaLocation="http://www.loc.gov/MARC21/slim http://www.loc.gov/standards/marcxml/schema/MARC21slim.xsd"
    xmlns="http://www.loc.gov/MARC21/slim">

  <leader>02472nam a22002537a 4500</leader>
  <datafield tag="999" ind1=" " ind2=" ">
    <subfield code="c">7785</subfield>
    <subfield code="d">7785</subfield>
  </datafield>
  <controlfield tag="003">AR-CdUCM</controlfield>
  <controlfield tag="008">190321b           ||||| |||| 00| 0 spa d</controlfield>
  <datafield tag="040" ind1=" " ind2=" ">
    <subfield code="a">MUNICIPALIDAD PROVINCIAL DEL CUSCO</subfield>
    <subfield code="c">BIBLIOTECA MUNICIPAL DEL CUSCO</subfield>
  </datafield>
  <datafield tag="082" ind1=" " ind2=" ">
    <subfield code="a">985.008 /</subfield>
    <subfield code="b">C73</subfield>
  </datafield>
  <datafield tag="100" ind1=" " ind2=" ">
    <subfield code="a">Comisi&#xF3;n nacional de sesquicentenario de la independencia del Per&#xFA;.</subfield>
  </datafield>
  <datafield tag="245" ind1=" " ind2=" ">
    <subfield code="a">La rebeli&#xF3;n de T&#xFA;pac Amaru :</subfield>
    <subfield code="b">Antecedentes /</subfield>
  </datafield>
  <datafield tag="260" ind1=" " ind2=" ">
    <subfield code="a">Lima :</subfield>
    <subfield code="b">Comisi&#xF3;n Nacional del Sesquicentenario de la Independencia del Per&#xFA;,</subfield>
    <subfield code="c">1971.</subfield>
  </datafield>
  <datafield tag="300" ind1=" " ind2=" ">
    <subfield code="a">4 vol&#xFA;menes ; </subfield>
    <subfield code="c">24 cm.</subfield>
  </datafield>
  <datafield tag="440" ind1=" " ind2=" ">
    <subfield code="a">Colecci&#xF3;n Documental de la Independencia del Per&#xFA;.</subfield>
    <subfield code="9">21841</subfield>
  </datafield>
  <datafield tag="505" ind1=" " ind2=" ">
    <subfield code="a">Contenido: V.1 Representaci&#xF3;n de la cuidad del Cuzco, Informe relacionado del cabildo del Cuzco, Relaci&#xF3;n del Cuzco, por Ignacio de Castro, Estado del Per&#xFA;, por Rafael Jos&#xE9; Sahuaraura Titu Atauchi, Informe sobre las causas de a sublevaci&#xF3;n de 1871, por Antonio Gonz&#xE1;les Pav&#xF3;n, La verdad desnuda, Por Eusebio Balza de Berganza, Oficio de visita, por Jorge de Escobedo -- V.2 Partida de casamiento de Marcos T&#xFA;pac Amaru con Marcela Castro, Partida de defunci&#xF3;n de Rosa Noguera, Partida de defunci&#xF3;n de Miguel T&#xFA;pac amaru, Partida de nacimiento de T&#xFA;pac Amaru con Micaela Bastidas, Partida de Nacimiento de Mariano T&#xFA;pac Amaru, Demanda de T&#xFA;pac Amaru con J. Castro... V.3 Carta de un vecino del Cusco a otro de Lima, Libertad del cura Antonio Centeno, Decreto sobre rentas eclesi&#xE1;sticas del visitador Areche, Representaci&#xF3;n del comercio de Cusco pidiendo al visitador Areche suspenda su viaje a Lima y su respuesta, Representaci&#xF3;n de S. Gutierrez sobre defensa del Cusco... V.4 Expediente que contiene la lista de revista de las milicias de Chucuito, en la provincia de Puno: con la relaci&#xF3;n de las tropas, los gastos que se hicieron en la campa&#xF1;a contra el rebelde T&#xFA;pac Amaru, as&#xED; como los informes sobre varios saqueos y destrucci&#xF3;n de algunos de los pueblos de aquella regi&#xF3;n desde noviembre de 1780 a octubre de 1784, El contador Don Jos&#xE9; Casta&#xF1;eda acusa recibo de las de oficio, y participa la constituci&#xF3;n de aquella audiencia por a rebeli&#xF3;n del indio Tupamaro, y que en el colegio se ha acogido mucha necesidad del pueblo...</subfield>
  </datafield>
  <datafield tag="650" ind1=" " ind2=" ">
    <subfield code="a">Rebeli&#xF3;n</subfield>
    <subfield code="9">3924</subfield>
  </datafield>
  <datafield tag="650" ind1=" " ind2=" ">
    <subfield code="a">Tinta</subfield>
    <subfield code="9">22001</subfield>
  </datafield>
  <datafield tag="650" ind1=" " ind2=" ">
    <subfield code="a">Cuzco</subfield>
    <subfield code="9">7693</subfield>
  </datafield>
  <datafield tag="650" ind1=" " ind2=" ">
    <subfield code="a">Sublevaci&#xF3;n</subfield>
    <subfield code="9">22002</subfield>
  </datafield>
  <datafield tag="650" ind1=" " ind2=" ">
    <subfield code="a">Historia del Per&#xFA;</subfield>
    <subfield code="9">259</subfield>
  </datafield>
  <datafield tag="700" ind1=" " ind2=" ">
    <subfield code="a">Valcarcel, Carlos Daniel (edici&#xF3;n y pr&#xF3;logo)</subfield>
    <subfield code="9">22003</subfield>
  </datafield>
  <datafield tag="942" ind1=" " ind2=" ">
    <subfield code="2">ddc</subfield>
    <subfield code="c">LIBROS</subfield>
  </datafield>
  <datafield tag="945" ind1=" " ind2=" ">
    <subfield code="a">davv</subfield>
  </datafield>
  <datafield tag="952" ind1=" " ind2=" ">
    <subfield code="0">0</subfield>
    <subfield code="2">ddc</subfield>
    <subfield code="4">0</subfield>
    <subfield code="7">0</subfield>
    <subfield code="a">SH</subfield>
    <subfield code="b">SH</subfield>
    <subfield code="c">REF</subfield>
    <subfield code="d">2019-03-21</subfield>
    <subfield code="g">180.00</subfield>
    <subfield code="o">985.008 / C73 / t.2 / v.1</subfield>
    <subfield code="p">SH0000008521</subfield>
    <subfield code="r">2019-03-21</subfield>
    <subfield code="y">LIBROS</subfield>
  </datafield>
  <datafield tag="952" ind1=" " ind2=" ">
    <subfield code="0">0</subfield>
    <subfield code="2">ddc</subfield>
    <subfield code="4">0</subfield>
    <subfield code="7">0</subfield>
    <subfield code="a">SH</subfield>
    <subfield code="b">SH</subfield>
    <subfield code="c">REF</subfield>
    <subfield code="d">2019-03-21</subfield>
    <subfield code="g">180.00</subfield>
    <subfield code="o">985.008 / C73 / t.2 / v.2</subfield>
    <subfield code="p">SH0000008522</subfield>
    <subfield code="r">2019-03-21</subfield>
    <subfield code="y">LIBROS</subfield>
  </datafield>
  <datafield tag="952" ind1=" " ind2=" ">
    <subfield code="0">0</subfield>
    <subfield code="2">ddc</subfield>
    <subfield code="4">0</subfield>
    <subfield code="7">0</subfield>
    <subfield code="a">SH</subfield>
    <subfield code="b">SH</subfield>
    <subfield code="c">REF</subfield>
    <subfield code="d">2019-03-21</subfield>
    <subfield code="g">180.00</subfield>
    <subfield code="o">985.008 / C73 / t.2 / v.3</subfield>
    <subfield code="p">SH0000008523</subfield>
    <subfield code="r">2019-03-21</subfield>
    <subfield code="y">LIBROS</subfield>
  </datafield>
  <datafield tag="952" ind1=" " ind2=" ">
    <subfield code="0">0</subfield>
    <subfield code="2">ddc</subfield>
    <subfield code="4">0</subfield>
    <subfield code="7">0</subfield>
    <subfield code="a">SH</subfield>
    <subfield code="b">SH</subfield>
    <subfield code="c">REF</subfield>
    <subfield code="d">2019-03-21</subfield>
    <subfield code="g">180.00</subfield>
    <subfield code="o">985.008 / C73 / t.2 / v.4</subfield>
    <subfield code="p">SH0000008524</subfield>
    <subfield code="r">2019-03-21</subfield>
    <subfield code="y">LIBROS</subfield>
  </datafield>
  <datafield tag="952" ind1=" " ind2=" ">
    <subfield code="0">0</subfield>
    <subfield code="2">ddc</subfield>
    <subfield code="4">0</subfield>
    <subfield code="7">0</subfield>
    <subfield code="a">SH</subfield>
    <subfield code="b">SH</subfield>
    <subfield code="c">REF</subfield>
    <subfield code="d">2019-03-21</subfield>
    <subfield code="g">180.00</subfield>
    <subfield code="o">985.008 / C73 / t.2 / v.3 / e.2</subfield>
    <subfield code="p">SH0000008525</subfield>
    <subfield code="r">2019-03-21</subfield>
    <subfield code="t">e.2</subfield>
    <subfield code="y">LIBROS</subfield>
  </datafield>
  <datafield tag="952" ind1=" " ind2=" ">
    <subfield code="0">0</subfield>
    <subfield code="2">ddc</subfield>
    <subfield code="4">0</subfield>
    <subfield code="7">0</subfield>
    <subfield code="a">SH</subfield>
    <subfield code="b">SH</subfield>
    <subfield code="c">REF</subfield>
    <subfield code="d">2019-03-21</subfield>
    <subfield code="g">180.00</subfield>
    <subfield code="o">985.008 / C73 / t.2 / v.1 / e.2</subfield>
    <subfield code="p">SH0000008526</subfield>
    <subfield code="r">2019-03-21</subfield>
    <subfield code="t">e.2</subfield>
    <subfield code="y">LIBROS</subfield>
  </datafield>
  <datafield tag="952" ind1=" " ind2=" ">
    <subfield code="0">0</subfield>
    <subfield code="2">ddc</subfield>
    <subfield code="4">0</subfield>
    <subfield code="7">0</subfield>
    <subfield code="a">SH</subfield>
    <subfield code="b">SH</subfield>
    <subfield code="c">REF</subfield>
    <subfield code="d">2019-03-21</subfield>
    <subfield code="g">180.00</subfield>
    <subfield code="o">985.008 / C73 / t.2 / v.2 / e.2</subfield>
    <subfield code="p">SH0000008527</subfield>
    <subfield code="r">2019-03-21</subfield>
    <subfield code="t">e.2</subfield>
    <subfield code="y">LIBROS</subfield>
  </datafield>
  <datafield tag="952" ind1=" " ind2=" ">
    <subfield code="0">0</subfield>
    <subfield code="2">ddc</subfield>
    <subfield code="4">0</subfield>
    <subfield code="7">0</subfield>
    <subfield code="a">SH</subfield>
    <subfield code="b">SH</subfield>
    <subfield code="c">REF</subfield>
    <subfield code="d">2019-03-21</subfield>
    <subfield code="g">180.00</subfield>
    <subfield code="o">985.008 / C73 / t.2 / v.3 / e.3</subfield>
    <subfield code="p">SH0000008528</subfield>
    <subfield code="r">2019-03-21</subfield>
    <subfield code="t">e.3</subfield>
    <subfield code="y">LIBROS</subfield>
  </datafield>
  <datafield tag="952" ind1=" " ind2=" ">
    <subfield code="0">0</subfield>
    <subfield code="2">ddc</subfield>
    <subfield code="4">0</subfield>
    <subfield code="7">0</subfield>
    <subfield code="a">SH</subfield>
    <subfield code="b">SH</subfield>
    <subfield code="c">REF</subfield>
    <subfield code="d">2019-03-21</subfield>
    <subfield code="g">180.00</subfield>
    <subfield code="o">985.008 / C73 / t.2 / v.4 / e.2</subfield>
    <subfield code="p">SH0000008651</subfield>
    <subfield code="r">2019-03-21</subfield>
    <subfield code="t">e.2</subfield>
    <subfield code="y">LIBROS</subfield>
  </datafield>
</record>
